1252 1053 1279 1175 1590 1452 1032 1908 1024 1498 1239 1020 1506 1471 1325 1997 1588 1388 1843 1083 1050 1264 1705 1843 1290 1012 1071 1648 1823 1070 1279 1724 1117 1735 1676 1393 1354 1810 1829 1789 1993 1647 1835 1642 1414 1805 1781 1561 1642 1859 1113 1044 1909 1527 1506 1856 1117 1563 1798 1609 1918 1905 1944 1595 1761 1904 1705 1342 1802 1350 1184 1806 1708 1253 1573 1717 1277 1188 1086 1806 1237 1722 1657 1555 1933 1767 1110 1418 1942 1324 1534 1005 1662 1031 1977 1596 1546 1155 1381 BCNSPRNW ULIB Ver.6.0+V

เปลี่ยนเป็นภาษาไทย

Change to English
 แสดงรายละเอียดบรรณานุกรม
  กลับหน้าหลัก

Brief Record : Get Marc (ISO 2709) : E-mail record : QR code < ปิดหน้าต่าง
LEADER : 00000nas 2200000uu 4500
001    13399126563
003     ULIB
008    181102s2559||||th 000 0 tha d
022    ^a19052243
110    ^aสถาบันรัชต์ภาคย์
245    ^aวารสารรัชต์ภาคย์ : Rajapark Journal/^cสถาบันรัชต์ภาคย์
260    ^aกรุงเทพฯ :^bสถาบันรัชต์ภาคย์,^c2559
310    ^aราย 6 เดือน
850 ^a ULIB^bปีที่ 10 ฉบับที่ 19 ฉ.1
945    ^p0^l0^i905084
999    ^aประนอม เกษจรัล
รายการนี้ยังไม่มีแท็ก
คุณยังไม่ได้ล็อกอิน คุณสามารถมีกิจกรรมร่วมกับเว็บไซต์ได้ แต่ต้องล็อกอินก่อน ::
  ล็อกอิน

รายการสื่อสารสนเทศ (วารสาร)

ดูแบบ: กล่อง รายการ
ARRIVED
ปีที่ 10 ฉบับที่ 19 ฉ.1
สถานที่: ห้องสมุดวิทยาเขตสวรรค์ประชารักษ์ >วารสาร

BibComment


ยังไม่เคยถูกคอมเมนท์

คอมเมนท์ทรัพยากรรายการนี้
  คอมเมนท์: วารสารรัชต์ภาคย์..


 Copyright 2026. Bcnsprnw @Library